000 03247cam a22004337a 4500
001 000094736
003 CHAP
005 20260415105708.0
008 051024d2005 mx r 00110 spa d
010 _a91202
011 _a92174
035 _a102737
040 _cCHAP
090 _aTesis
100 0 0 _aEspinosa Torres, Luis Enrique.
245 1 4 _aLos sistemas de producción de chile manzano (Capsicum pubescens R. y P.) en México :
_bevaluación técnica, financiera y comercial /
_cpor Luis Enrique Espinosa Torres; director Mario Pérez Grajales.
264 1 _aChapingo, Méx. :
_bEl autor,
_c2005.
300 _a120 h.
502 _bMaestro en Ciencias en Horticultura.
_c Departamento de Fitoecnia,
_d2005.
520 _aLos sistemas de producción de chile manzano (Capsicum pubescens R. y P.) en México son de campo abierto bajo sombra de árboles de pino y con frutales de temporal y el intensivo en hidroponía bajo condiciones de invernadero. Estos sistemas presentan diferencias significativas en los aspectos técnico, financiero y comercial como consecuencia de las innovaciones tecnológicas y por el grado de inversión de capital. En el aspecto técnico el sistema más eficiente es el intensivo bajo condiciones de invernadero, ya que permite un control más adecuado de los factores ambientales (Temperatura, Humedad Relativa, Radiación), incidencia de plagas, enfermedades y polinización, Además, la vida productiva del cultivo es mayor y se obtienen rendimientos elevados en pequeñas superficies. Los indicadores financieros considerados señalan que los sistemas evaluados fueron económicamente rentables. Sin embargo, la producción en invernadero resulta aún más viable, aun cuando la inversión es más elevada. También se prevé que a corto y mediano plazo los sistemas de campo abierto presentarán problemas técnicos y edáficos que provocarán la no rentabilidad del cultivo. Comercialmente el chile manzano producido en cualquier sistema no presenta problemas para su venta en mercados regionales y nacionales. Pero en los mercados internacionales, la calidad de los frutos es un factor determinante para el consumidor. En este sentido el producto de invernadero es superior al de campo, teniendo una ventaja comparativa y competitiva. Por otra parte, se detectó que los agentes que intervienen en la comercialización del chile manzano limitan la participación del productor en el precio de venta final.
590 _aALEPH
_b10
_c20130110
590 _aBATCH-UPD
_b10
_c20130110
590 _aBATCH-UPD
_b10
_c20130410
590 _aBATCH-UPD
_b10
_c20130914
590 _aBATCH-UPD
_b10
_c20140324
590 _aBATCH-UPD
_b10
_c20141002
590 _aCONVERSION
_b10
_c20130109
590 _aE12093SGE
_b10
_c20130611
650 1 4 _aChile manzano
_xCostos de producción.
650 1 4 _aChile manzano
_xRendimiento.
700 1 _aPérez Grajales, Mario
_edirector.
856 _uhttp://10.13.5.2/tesis/102737.pdf
_yDESCARGAR PDF
901 _aBK
905 _aLilia
942 _cTesis
_2Clasificación Universidad Autónoma Chapingo
942 _n0
949 _aTesis
_bBC
_cTES
_d1027371
_eTS1
_h44245
_i102737
_sb
949 _aTesis
_bBC
_cTES
_d33724000965976
_eTS2
_fc.2
_h44246
_i102737
_si
999 _c91202
_d91202